<?xml version="1.0" encoding="UTF-8"?>
<record
    xmlns:xsi="http://www.w3.org/2001/XMLSchema-instance"
    xsi:schemaLocation="http://www.loc.gov/MARC21/slim http://www.loc.gov/standards/marcxml/schema/MARC21slim.xsd"
    xmlns="http://www.loc.gov/MARC21/slim">

  <leader>01055nam a22002177a 4500</leader>
  <controlfield tag="001">3698</controlfield>
  <controlfield tag="003">FISKH</controlfield>
  <controlfield tag="005">20240422142513.0</controlfield>
  <controlfield tag="008">240422b        cb ||||| |||| 00| 0 eng d</controlfield>
  <datafield tag="040" ind1=" " ind2=" ">
    <subfield code="a">FISKH</subfield>
    <subfield code="b">eng</subfield>
    <subfield code="c">FISKH</subfield>
    <subfield code="d">FISKH</subfield>
  </datafield>
  <datafield tag="050" ind1=" " ind2=" ">
    <subfield code="a">PZ7 </subfield>
  </datafield>
  <datafield tag="082" ind1=" " ind2=" ">
    <subfield code="a">796.01</subfield>
  </datafield>
  <datafield tag="100" ind1=" " ind2=" ">
    <subfield code="a">Anonymous </subfield>
  </datafield>
  <datafield tag="245" ind1=" " ind2=" ">
    <subfield code="a">Gopher : </subfield>
    <subfield code="b">The leader in quality Physical Education, Athletics, and Fitness equipment / </subfield>
  </datafield>
  <datafield tag="260" ind1=" " ind2=" ">
    <subfield code="a">Owatonna : </subfield>
    <subfield code="b">Health Movies Mind, </subfield>
    <subfield code="c">2021. </subfield>
  </datafield>
  <datafield tag="300" ind1=" " ind2=" ">
    <subfield code="a">604 pages : </subfield>
    <subfield code="b">color illustrations ; </subfield>
    <subfield code="c">27 cm </subfield>
  </datafield>
  <datafield tag="520" ind1=" " ind2=" ">
    <subfield code="a">Personal equipment packs to designed for teaching PE during challenging times. It is designed to promote physical activity and safety by providing every student their own set of equipment. Each My PE Pack configuration can be used in any setting and by student of all ages and abilities. My PE Packs includes access to free, easy- to - implement activities that stress physical distancing while avoiding the need to share equipment. </subfield>
  </datafield>
  <datafield tag="650" ind1=" " ind2=" ">
    <subfield code="a">Educations </subfield>
    <subfield code="v">Athletics</subfield>
    <subfield code="x">Training </subfield>
  </datafield>
  <datafield tag="942" ind1=" " ind2=" ">
    <subfield code="2">ddc</subfield>
    <subfield code="c">BK</subfield>
    <subfield code="n">0</subfield>
  </datafield>
  <datafield tag="999" ind1=" " ind2=" ">
    <subfield code="c">3698</subfield>
    <subfield code="d">3698</subfield>
  </datafield>
  <datafield tag="952" ind1=" " ind2=" ">
    <subfield code="0">0</subfield>
    <subfield code="1">0</subfield>
    <subfield code="2">ddc</subfield>
    <subfield code="4">0</subfield>
    <subfield code="7">0</subfield>
    <subfield code="8">REF</subfield>
    <subfield code="a">001</subfield>
    <subfield code="b">001</subfield>
    <subfield code="c">TKSNF</subfield>
    <subfield code="d">2024-04-22</subfield>
    <subfield code="l">0</subfield>
    <subfield code="o">ANO 796.01 PZ7 </subfield>
    <subfield code="p">2024-0489</subfield>
    <subfield code="r">2024-04-22 09:48:48</subfield>
    <subfield code="w">2024-04-22</subfield>
    <subfield code="y">BK</subfield>
  </datafield>
</record>
